| 000 | 07930cam a22021014i 4500 | ||
|---|---|---|---|
| 003 | PE-LiUPU | ||
| 005 | 20250813165832.0 | ||
| 008 | 150706s1996 sp a r 000 0 spa d | ||
| 020 | _a8429179755 | ||
| 020 | _a9788429179750 | ||
| 035 | _a(Sirsi) i9788429179750 | ||
| 040 |
_aPE-LiUPU _bspa _cPE-LiUPU _erda |
||
| 041 | 1 |
_aspa _heng |
|
| 049 | _aPRUA | ||
| 082 | 0 | 4 |
_a628.43 _bR21 _221 |
| 100 | 1 |
_aRamalho, Rubens Sette, _eautor. |
|
| 245 | 1 | 0 |
_aTratamiento de aguas residuales / _cRubens S. Ramalho. |
| 264 | 1 |
_aBarcelona : _bEditorial Reverté, _c1996. |
|
| 300 |
_a705 páginas : _bilustraciones ; _c21 centímetros |
||
| 336 |
_atext _2rdacontent |
||
| 337 |
_aunmediated _2rdamedia |
||
| 338 |
_avolume _2rdacarrier |
||
| 505 | 0 | _aLa función del técnico en reducción de contaminantes de las aguas -- Niveles de tratamiento de aguas residuales y normas de calidad de las aguas residuales -- Fuentes de aguas residuales -- Aspectos económicos del tratamiento de aguas residuales y balances económico para reutilización de las aguas -- Efectos de la contaminación del agua en el medio ambiente y en la biota -- Eutrofización -- Tipos de abastecimiento de aguas y clasificación de sus contaminantes -- Caracterización de aguas residuales domésticas e industriales -- Teoría y práctica de la aireación en tratamiento de aguas residuales -- Tratamiento secundario: El proceso de todos activos -- Tratamiento secundario: Otros procesos aerobios y anaerobios -- Tratamiento y evacuación de lodos -- Tratamiento terciario de las aguas residuales. | |
| 526 | _aP203 | ||
| 526 | _aP200 | ||
| 526 | _aSEG65 | ||
| 526 | _aSEG64 | ||
| 526 | _aSEG63 | ||
| 526 | _aSEG62 | ||
| 526 | _aSEG61 | ||
| 526 | _aSEG60 | ||
| 526 | _aSEG59 | ||
| 526 | _aSEG58 | ||
| 526 | _aSEG57 | ||
| 526 | _aSEG56 | ||
| 526 | _aSEG55 | ||
| 526 | _aSEG54 | ||
| 526 | _aSEG53 | ||
| 526 | _aSEG52 | ||
| 526 | _aSEG51 | ||
| 526 | _aSEG50 | ||
| 526 | _aSEG49 | ||
| 526 | _aSEG48 | ||
| 526 | _aSEG47 | ||
| 526 | _aSEG46 | ||
| 526 | _aSEG24 | ||
| 526 | _aSEG23 | ||
| 526 | _aSEG22 | ||
| 526 | _aSEG21 | ||
| 526 | _aSEG20 | ||
| 526 | _aSEG19 | ||
| 526 | _aSEG18 | ||
| 526 | _aSEG17 | ||
| 526 | _aSEG16 | ||
| 526 | _aSEG14 | ||
| 526 | _aSEG13 | ||
| 526 | _aSEG12 | ||
| 526 | _aSEG11 | ||
| 526 | _aSEG10 | ||
| 526 | _aSEG09 | ||
| 526 | _aSEG06 | ||
| 526 | _aSEG05 | ||
| 526 | _aSEG04 | ||
| 526 | _aSEG03 | ||
| 526 | _aSEG02 | ||
| 526 | _aSEG68 | ||
| 526 | _aSEG66 | ||
| 526 | _aSEG45 | ||
| 526 | _aSEG25 | ||
| 526 | _aSEG01 | ||
| 526 | _aP163 | ||
| 526 | _aP162 | ||
| 526 | _aP161 | ||
| 526 | _aP160 | ||
| 526 | _aP159 | ||
| 526 | _aP158 | ||
| 526 | _aP157 | ||
| 526 | _aP156 | ||
| 526 | _aP155 | ||
| 526 | _aP154 | ||
| 526 | _aP153 | ||
| 526 | _aP152 | ||
| 526 | _aP151 | ||
| 526 | _aP150 | ||
| 526 | _aP149 | ||
| 526 | _aP142 | ||
| 526 | _aP141 | ||
| 526 | _aP140 | ||
| 526 | _aP139 | ||
| 526 | _aP138 | ||
| 526 | _aP137 | ||
| 526 | _aP132 | ||
| 526 | _aP131 | ||
| 526 | _aP130 | ||
| 526 | _aP126 | ||
| 526 | _aP125 | ||
| 526 | _aP124 | ||
| 526 | _aP123 | ||
| 526 | _aP115 | ||
| 526 | _aP122 | ||
| 526 | _aP121 | ||
| 526 | _aP116 | ||
| 526 | _a P114 | ||
| 526 | _aP112 | ||
| 526 | _aP111 | ||
| 526 | _aP104 | ||
| 526 | _aP103 | ||
| 526 | _aP102 | ||
| 526 | _aP101 | ||
| 526 | _aP100 | ||
| 526 | _aP96 | ||
| 526 | _aP95 | ||
| 526 | _aP93 | ||
| 526 | _aP92 | ||
| 526 | _aP91 | ||
| 526 | _aP88 | ||
| 526 | _aP83 | ||
| 526 | _aP82 | ||
| 526 | _aP79 | ||
| 526 | _aP78 | ||
| 526 | _aP75 | ||
| 526 | _aP74 | ||
| 526 | _aP71 | ||
| 526 | _aP69 | ||
| 526 | _a P51 | ||
| 526 | _aP49 | ||
| 526 | _aP48 | ||
| 526 | _aP47 | ||
| 526 | _aP33 | ||
| 526 | _aP31 | ||
| 526 | _a P30 | ||
| 526 | _aP29 | ||
| 526 | _aP27 | ||
| 526 | _aP26 | ||
| 526 | _aP25 | ||
| 526 | _aP24 | ||
| 526 | _a P22 | ||
| 526 | _aP10 | ||
| 526 | _aP09 | ||
| 526 | _a P08 | ||
| 526 | _aP06 | ||
| 526 | _aP05 | ||
| 526 | _aP04 | ||
| 526 | _aP01 | ||
| 534 |
_pTítulo original : _tIntroduction to wasterwater treatment processes. |
||
| 541 | _g030-0010752; | ||
| 541 | _g030-0010752; | ||
| 541 | _g001-0035385; | ||
| 541 | _g015-0015487; | ||
| 541 | _g015-0016196; | ||
| 541 | _g0020-0000647; | ||
| 541 | _g001-0042330; | ||
| 650 | 0 | 4 |
_aAguas residuales _xTratamiento. |
| 651 | _aTraducción de: Introduction to wastewater treatment processes. | ||
| 910 |
_agl _bjv _cng _d20111012 |
||
| 910 |
_aemss _d20160831 |
||
| 910 |
_adbm _bncf _cncf _d20180111 |
||
| 942 |
_2ddc _cBOOK |
||
| 949 |
_a628.43 R21 _wDEWEY _c1 _i63845 _lCCODEBUL1 _mBUL _p72.00 _r0 _sY _tBOOK _u2015-7-6 _xINGENIERIA _PP24 _o.STAFF. Colección General |
||
| 949 |
_a628.43 R21 _wDEWEY _c2 _i63844 _lCCODEBUL1 _mBUL _p72.00 _r0 _sY _tBOOK _u2015-7-6 _xINGENIERIA _PP24 _o.STAFF. Colección General |
||
| 949 |
_a628.43 R21 _wDEWEY _c3 _i65021 _lCCODEBUL1 _mBUL _p105.00 _r0 _sY _tBOOK _u2015-7-6 _xINGENIERIA _PP24 _o.STAFF. Colección General |
||
| 949 |
_a628.43 R21 _wDEWEY _c4 _i68259 _lCCODEBUL1 _mBUL _p112.00 _r0 _sY _tBOOK _u2015-7-6 _xINGENIERIA _PP24 _o.STAFF. Colección General |
||
| 949 |
_a628.43 R21 _wDEWEY _c5 _i69263 _lCCODEBUL1 _mBUL _p116.00 _r0 _sY _tBOOK _u2015-7-6 _xINGENIERIA _PP24 _o.STAFF. Colección General |
||
| 949 |
_a628.43 R21 2003 _wDEWEY _c1 _iFJ01650 _lCCODEBUJ1 _mBUJ _p84.58 _r0 _sY _tBOOK _u2016-08-31 _xINGENIERIA _PP24 _o.STAFF. Colección General Juliaca |
||
| 949 |
_a628.43 R21 1996 _wDEWEY _c2 _iFJ02065 _lCCODEBUJ1 _mBUJ _p84.58 _r0 _sY _tBOOK _u _2016-09-5 _xINGENIERIA _PP24 _o.STAFF. Colección General Juliaca |
||
| 994 |
_aC0 _bPEPRU |
||
| 596 | _a1 3 | ||
| 999 |
_a628.43 R21 _wDEWEY _c52723 _i63845 _d52723 _e2016-9-6 _f2019-12-11 _g6 _lDISCARD _mBUL _n3 _p72.00 _r1 _sY _tBOOK _u2015-7-6 _xINGENIERIA _PP24 _0COMPRA _o.STAFF. Colección General |
||
| 999 |
_a628.43 R21 _wDEWEY _c2 _i63844 _d2018-4-11 _e2018-4-11 _f2019-12-11 _g6 _lDISCARD _mBUL _n14 _p72.00 _r1 _sY _tBOOK _u2015-7-6 _xINGENIERIA _PP24 _0COMPRA _o.STAFF. Colección General |
||
| 999 |
_a628.43 R21 _wDEWEY _c3 _i65021 _d2018-6-20 _e2016-10-2 _f2019-12-11 _g6 _lDISCARD _mBUL _n2 _p105.00 _q2 _r1 _sY _tBOOK _u2015-7-6 _xINGENIERIA _PP24 _0COMPRA _o.STAFF. Colección General |
||
| 999 |
_a628.43 R21 _wDEWEY _c4 _i68259 _d2018-6-27 _e2018-4-18 _f2019-12-11 _g6 _lDISCARD _mBUL _n6 _p112.00 _q2 _r1 _sY _tBOOK _u2015-7-6 _xINGENIERIA _PP24 _0COMPRA _o.STAFF. Colección Ingenieria y Arquitectura |
||
| 999 |
_a628.43 R21 _wDEWEY _c5 _i69263 _d2018-4-25 _e2018-4-22 _f2021-11-5 _g7 _lCCODEBUL1 _mBUL _n8 _p116.00 _q1 _r0 _sY _tBOOK _u2015-7-6 _xBIBLIOTECA _PP24 _0COMPRA _o.STAFF. Colección General |
||
| 999 |
_a628.43 R21 _wDEWEY _c6 _i74004 _d2020-1-23 _e2020-1-21 _f2019-12-11 _g6 _lDISCARD _mBUL _n10 _p79.86 _q4 _r1 _sY _tBOOK _u2016-7-7 _xINGENIERIA _PP24 _0COMPRA _o.STAFF. Colección General |
||
| 999 |
_a628.43 R21 _wDEWEY _c7 _i77987 _d2019-5-7 _e2019-4-15 _f2019-2-20 _g2 _lLOST _mBUL _n3 _p101.00 _q5 _r0 _sY _tBOOK _u2018-1-11 _xINGENIERIA _PP24 _0COMPRA _o.STAFF. Colección Ingeniería y Arquitectura |
||
| 999 |
_a628.43 R21 2003 _wDEWEY _c1 _iFJ01650 _d2022-6-3 _e2022-6-2 _f2022-1-26 _g5 _lCCODEBUJ1 _mBUJ _n21 _p84.58 _q30 _r0 _sY _tBOOK _u2016-8-31 _xINGENIERIA _PP24 _0COMPRA _o.STAFF. Colección General Juliaca |
||
| 999 |
_a628.43 R21 2003 _wDEWEY _c2 _iFJ02065 _d2019-10-28 _e2019-10-23 _f2022-1-26 _g4 _lCCODEBUJ1 _mBUJ _n21 _p84.58 _q36 _r0 _sY _tBOOK _u2016-9-15 _xINGENIERIA _PP24 _0COMPRA _o.STAFF. Colección General Juliaca |
||
| 980 |
_81 _gALBERTO SANCHEZ Responsable de Automatización |
||